IMF Survey : Volume 34, Issue 17.

The Web edition of the IMF Survey is updated several times a week, and contains a wealth of articles about topical policy and economic issues in the news. Access the latest IMF research, read interviews, and listen to podcasts given by top IMF economists on important issues in the global economy. ww...

詳細記述

書誌詳細
団体著者: International Monetary Fund. External Relations Dept
フォーマット: 雑誌
言語:English
出版事項: Washington, D.C. : International Monetary Fund, 2005.
シリーズ:IMF Survey; IMF Survey ; No. 0034/017
オンライン・アクセス:Full text available on IMF
LEADER 01361cas a2200241 a 4500
001 AALejournalIMF010309
008 230101c9999 xx r poo 0 0eng d
020 |c 5.00 USD 
020 |z 9781451938883 
022 |a 0047-083X 
040 |a BD-DhAAL  |c BD-DhAAL 
110 2 |a International Monetary Fund.  |b External Relations Dept. 
245 1 0 |a IMF Survey :   |b Volume 34, Issue 17. 
264 1 |a Washington, D.C. :  |b International Monetary Fund,  |c 2005. 
300 |a 1 online resource (16 pages) 
490 1 |a IMF Survey 
500 |a <strong>Off-Campus Access:</strong> No User ID or Password Required 
500 |a <strong>On-Campus Access:</strong> No User ID or Password Required 
506 |a Electronic access restricted to authorized BRAC University faculty, staff and students 
520 3 |a The Web edition of the IMF Survey is updated several times a week, and contains a wealth of articles about topical policy and economic issues in the news. Access the latest IMF research, read interviews, and listen to podcasts given by top IMF economists on important issues in the global economy. www.imf.org/external/pubs/ft/survey/so/home.aspx. 
538 |a Mode of access: Internet 
830 0 |a IMF Survey; IMF Survey ;  |v No. 0034/017 
856 4 0 |z Full text available on IMF  |u http://elibrary.imf.org/view/journals/023/0034/017/023.0034.issue-017-en.xml  |z IMF e-Library